banner-ar

دينامية التجربة اليابانية فى التنمية المركبة : (Record no. 59839)

MARC details
000 -الفاتح
حقل البيانات ثابتة الطول 00968nam a22002297a 4500
005 - وقت وتاريخ اخر تعامل مع التسجيلة
رقم الضبط 20240530110339.0
008 - عناصر البيانات ثابتة الطول - معلومات عامة
حقل البيانات ثابتة الطول 141027s2010 ua gr 001 0dara d
020 ## - الرقم الدولى المعيارى للكتب
الرقم الدولى المعيارى للكتاب 9789953823140
040 ## - مصدر الفهرسة
وكالة الفهرسة الأصلية EG-CaGPL
082 40 - رقم تصنيف ديوى العشرى
رقم الطبعة 21
رقم التصنيف 338.952\
رقم المادة ن د
100 0# - المدخل الرئيسى - إسم شخصى
الإسم الشخصى ناصر يوسف
245 10 - بيان العنوان
العنوان دينامية التجربة اليابانية فى التنمية المركبة :
بقية العنوان دراسة مقارنة بالجزائر وماليزيا /
بيان المسئوليه,etc ناصر يوسف
250 ## - بيان الطبعة
بيان الطبعة ط1
260 ## - PUBLICATION, DISTRIBUTION, ETC. (IMPRINT)
تاريخ النشر أو التوزيع 2010
300 ## - الوصف المادى
التعداد 414 ص ؛
أبعاد الوعاء 24 سم
490 ## - بيان السلسلة
عنوان السلسلة سلسلة اطروحات الدكتوراة ؛
رقم المجلد/ التعيين التسلسلي 83
650 40 - المدخل الاضافى بالموضوع-مصطلح موضوعى
مصطلح موضوعي التنمية الاقتصادية
التقسيم الفرعي الجغرافي اليابان
650 40 - المدخل الاضافى بالموضوع-مصطلح موضوعى
مصطلح موضوعي التنمية الاقتصادية
التقسيم الفرعي الجغرافي الجزائر
650 40 - المدخل الاضافى بالموضوع-مصطلح موضوعى
مصطلح موضوعي التنمية الاقتصادية
التقسيم الفرعي الجغرافي ماليزيا
942 ## - عناصر المدخل الإضافي( كوها)
مصدر التصنيف او مخطط الترفيف Dewey Decimal Classification
Koha [default] item type كتاب
260 ## - PUBLICATION, DISTRIBUTION, ETC. (IMPRINT)
-- بيروت :
-- مركز دراسات الوحدة العربية ،
Holdings
حالة التراجع حالة الفقد حالة تلف ليس للاعارة المكان المؤقت الموقع الحالى تاريخ الاكتساب اجمالي اﻻعارات رقم الطلب الباركود تاريخ اخر مشاهدة تاريخ تفعيل السعر نوع وعاء كوها
        مكتبة القاهرة الكبرى مكتبة القاهرة الكبرى 10/27/2014   338.952\ ن د 158795 10/27/2014 10/27/2014 كتاب

Powered By

EGPV